000 00961cam a22002771a 4500
999 _c17712
_d17712
001 10383355
003 OSt
005 20200606120046.0
008 890111s1970 ii 000 0 hin
020 _cRs3.00
040 _aDLC
_cMESKC library
_dDLC
043 _aa-ii---
082 _a651.3
_bKAN/H
100 1 _aKaṃsala, Haribābū.
245 1 0 _aKāryālaya deepika = Noting, Drafting, Technical and Legal work in Hindi/English/
_csampādaka Haribābū Kaṃsala
260 _aNaī Dillī :
_bSudanshu Bandhu
_c1970.
300 _a568p. ;
_c20 cm.
500 _aIn Hindi.
650 0 _aCivil service
_zIndia
_vHandbooks, manuals, etc.
650 0 _aEnglish language
_vTerms and phrases.
650 0 _aHindi language
_vTerms and phrases.
700 1 _aSaksenā, Sūrya Nārāyaṇa.
700 0 _aŚrīmannārāyaṇa.
906 _a7
_bcbc
_coclcrpl
_du
_encip
_f19
_gy-gencatlg
942 _2ddc
_cBK
_h651.3
_iKAN/H
_k651.3
_mKAN/H